Analýza a prognóza vývoja produkcie v rámci komplexných ekonometrických modelov ČSSR kandidátska dizertačná práca

Salvato in:
Dettagli Bibliografici
Autore principale: Olexa, Michal
Ente Autore: Vysoká škola ekonomická v Bratislave. Fakulta riadenia
Altri autori: Kolek, Juraj
Natura: Libro
Lingua:slovacco
Pubblicazione: Bratislava 1980
Tags: Aggiungi Tag
Nessun Tag, puoi essere il primo ad aggiungerne!!

MARC

LEADER 00000nam a2200000 4500
001 c138820
005 20220713124937.4
041 0 |a slo 
044 |a SK 
245 1 0 |a Analýza a prognóza vývoja produkcie v rámci komplexných ekonometrických modelov ČSSR  |b kandidátska dizertačná práca  |c Michal Olexa ; Ved. Juraj Kolek 
264 1 |a Bratislava  |c 1980 
300 |a 149 s. 
100 1 |a Olexa, Michal 
700 1 |a Kolek, Juraj 
710 2 |a Vysoká škola ekonomická v Bratislave. Fakulta riadenia